000
00328nam a2200145Ia 4500
003
OSt
008
191201s2011 xx 000 0 und d
082
_a
621.4022
_b
KUH
100
_a
KUMAR, D.S.
245
0
_a
Heat & mass Transfer
260
_a
New Delhi
_b
Katson
_c
2011
300
_a
862
650
_a
B.Tech(ME)
942
_2
ddc
_c
BK
999
_c
6424
_d
6424